Iniciação à administração (Record no. 139237)

MARC details
000 -LÍDER
campo de controle de tamanho fixo 00739 a2200169 4500
001 - NÚMERO DE CONTROLE
campo de controle 139237
040 ## - FONTE DA CATALOGAÇÃO
Instituição que transcreveu o registro Leonardo Da Vinci
041 ## - CÓDIGO DE IDIOMA
Código do idioma do texto/trilha sonora ou título diferente Português
082 ## - CDD - CLASSIFICAÇÃO DECIMAL DE DEWEY
Número de Classificação 658 S662i
Número do exemplar S662i
100 ## - ENTRADA PRINCIPAL--NOME PESSOAL
Nome pessoal SOCALSCHI, Brasílio
-- PONTE, Celso Alves da
-- SILVA, Edison Aurélio da
-- PRADO, Jonas Reginaldo
-- REZENDE, Leonardo Von Sohsten
-- GRECCO, Ronaldo
-- GALDI, Vanderlei Antonio
245 ## - TÍTULO
Título Iniciação à administração
Restante do título preceitos básicos
260 ## - PUBLICAÇÃO, DISTRIBUIÇÃO, ETC.
Nome do editor, distribuidor, etc. Papelivros
Data da publicação, distribuição, etc. 1985
Local de publicação, distribuição, etc. São Paulo
300 ## - DESCRIÇÃO FÍSICA
Extensão 162
362 ## - DATAS DE PUBLICAÇÃO E/OU DESIGNAÇÃO SEQUENCIAL
Datas de publicação e/ou designação sequencial 19850000
697 ## - ENTRADA DE ASSUNTO LOCAL--ENTIDADE COLETIVA (RLIN)
Nome corporativo ou nome da jurisdição Administração
-- Administração industrial
-- Processos básicos
-- Planejamento empresarial
-- Política empresarial
-- Tomada de decisão
-- Estrutura organizacional
-- Sistemática
-- Liderança
-- FIPEN
942 ## - ELEMENTOS DE ENTRADA ADICIONADOS (KOHA)
Tipo de material Koha Livros
Holdings
Situação do descarte Situação das perdas Situação física Não pode ser emprestado Biblioteca de origem Biblioteca atual Data de aquisição Total de empréstimos Número de chamada completo Código de barras Data de último acesso Data do preço efetivo Tipo de material Koha
        Leonardo Da Vinci - Osasco Leonardo Da Vinci - Osasco 27/03/2024   658 S662i O000240 27/03/2024 27/03/2024 Livros